00290nam a22000857a 4500082001500000100004400015245005600059260008000115300000900195 aT13x5451 I aDirectorate of Economics and Statistics aIndex of Industtrial Production cby Andhra Pradesh aGovernment of Andhra PradeshbDirectorate of Economics and Statisticsc2011 a56p.